000 00382nam a2200157 i 4500
001 bg
245 0 _aTheoretical and Applied Mechanics.
260 _aAmsterdam :
_bNorth-Holland Publishing Company,
_c1977.
020 _a0720405491
040 _cBPK
041 _apol
080 _a531/534
920 _a0-7204-0549-1
942 _cKS
008 s pl f |000 0 pol
999 _c9893
_d9893
856 _uhttp://koha.tu.koszalin.pl/cgi-bin/koha/opac-detail.pl?biblionumber=9893
_yKatalog online BPK